000 00227nmm a2200085Ia 4500
008 220120s9999||||xx |||||||||||||||||und||
100 _aEFY
245 0 _aMarch 2011 : microwave and RF designing software
260 _aEFY enterprises
999 _c139655
_d139655